Kaksikirjaimiset roomalaiset numerot - Statistics

Yleistilastot
  • Tätä visaa on pelattu 821 kertaa
  • Keskiarvotulos 16 / 31
Vastaustilastot
numero roomalainen numero % Oikein
2 II
99%
4 IV
98%
6 VI
98%
11 XI
97%
9 IX
94%
20 XX
84%
15 XV
81%
101 CI
61%
110 CX
57%
51 LI
54%
60 LX
54%
90 XC
54%
200 CC
52%
40 XL
52%
105 CV
51%
55 LV
49%
1001 MI
48%
2000 MM
44%
150 CL
42%
1010 MX
41%
1100 MC
39%
1005 MV
39%
900 CM
34%
1050 ML
31%
501 DI
28%
400 CD
25%
600 DC
25%
510 DX
25%
505 DV
24%
1500 MD
21%
550 DL
20%
Ehtoja vastaavia visoja ei löytynyt
Tulosjakauma
Jokaisen tuloksen saaneiden osuus
Persentiili vastausten määrän mukaan
Tuloshistoriasi
Et ole pelannut tätä visaa